Chinese made easy:spoken chinese in 100 lessons (Record no. 2481)

000 -LEADER
fixed length control field 00541nam a22001577a 4500
020 ## - INTERNATIONAL STANDARD BOOK NUMBER
International Standard Book Number 9789694949765
082 ## - DEWEY DECIMAL CLASSIFICATION NUMBER
Classification number 495.18242
100 ## - MAIN ENTRY--PERSONAL NAME
Personal name Hasan Javed Syed
245 ## - TITLE STATEMENT
Title Chinese made easy:spoken chinese in 100 lessons
250 ## - EDITION STATEMENT
Edition statement 2nd
260 ## - PUBLICATION, DISTRIBUTION, ETC.
Place of publication, distribution, etc. Islamabad
Name of publisher, distributor, etc. Paramount Books
Date of publication, distribution, etc. 2014
300 ## - PHYSICAL DESCRIPTION
Extent 187
650 ## - SUBJECT ADDED ENTRY--TOPICAL TERM
Topical term or geographic name entry element Chinese language-study and teaching-urdu speakers-english speakers
942 ## - ADDED ENTRY ELEMENTS (KOHA)
Koha item type Book
Holdings
Withdrawn status Lost status Source of classification or shelving scheme Damaged status Not for loan Permanent Location Current Location Shelving location Date acquired Total Checkouts Full call number Barcode Date last seen Date last checked out Price effective from Koha item type
          Central Library (CL) Central Library (CL) General Stacks 01/21/2016 1 495.182421 HAS S3H-D-81 12/18/2024 10/04/2018 01/21/2016 Book
© 2023 Central Library, National University of Sciences and Technology. All Rights Reserved.